000 00372nam a22001457a 4500
003 OSt
005 20251103091953.0
008 251103b |||||||| |||| 00| 0 eng d
020 _a9781432115982
040 _cCHRISTIAN ART PUBLISHERS
050 _aBS 391.M9 2016
245 _aMY FAVORITE KJV VERSES
260 _aCHINA
_bCHISTIAN ART PUBLISHERS
_c2016
942 _2ddc
_cBK
_n0
999 _c9755
_d9755